| 000 | 01370nam a2200253 a 4500 | ||
|---|---|---|---|
| 008 | 070523s2004 ||||||||||||||||| || u | ||
| 020 | _a0072834110 | ||
| 050 | _aQA 76.H215 HAA | ||
| 100 | _aHaag, Stephen | ||
| 245 | 1 | 0 | _aComputing concepts. (2nd ed.) |
| 250 | _a2nd ed. | ||
| 260 |
_aBoston: _bMcGraw-Hill _c2004 |
||
| 300 | _axxxi, 556p.: ill. | ||
| 350 | _a0.00 | ||
| 650 | _aCOMPUTERS | ||
| 650 | 0 | _aELECTRONIC DATA PROCESSING | |
| 700 | _aCummings, Maeve | ||
| 700 | _aRea, Alan I. (Jr) | ||
| 995 |
_aANNEX COLLECTION (Main Library) _D0.00 _e737845 _FCBU-MAIN LIBRARY (Kitwe) _H1 _I0.00 _jQA 76.H215 HAA _M3 _UAVAILABLE _WMay 23, 2007 _y55262 _ZAnnex Low-Usage Collection |
||
| 995 |
_aMAIN LIBRARY OPEN ACCESS _D0.00 _e737847 _FCBU-MAIN LIBRARY (Kitwe) _H1 _I0.00 _jQA 76.H215 HAA _M5 _UAVAILABLE _WMay 23, 2007 _y55265 _ZMain Library Open Access Collection |
||
| 995 |
_aBINDERY (DAMAGED) _D0.00 _e737843 _FCBU-MAIN LIBRARY (Kitwe) _H1 _I0.00 _jQA 76.H215 HAA _M1 _UDAMAGED _WMay 23, 2007 _y55260 _ZMain Library Open Access Collection |
||
| 995 |
_aMAIN LIBRARY OPEN ACCESS _D0.00 _e737846 _FCBU-MAIN LIBRARY (Kitwe) _H1 _I0.00 _jQA 76.H215 HAA _M4 _UAVAILABLE _WMay 23, 2007 _y55263 _ZMain Library Open Access Collection |
||
| 995 |
_aBINDERY (DAMAGED) _D0.00 _e737844 _FCBU-MAIN LIBRARY (Kitwe) _H1 _I0.00 _jQA 76.H215 HAA _M2 _UDAMAGED _WMay 23, 2007 _y55261 _ZMain Library Open Access Collection |
||
| 999 |
_c79707 _d79707 |
||